Международный арбитраж как способ разрешения внешнеекономических споров (Запис № 311411)

МАРК-запис
000 -Лідер
fixed length control field 00707nam a22002657a 4500
003 - Ідентифікатор контрольного номера
control field UA-OsUOA
001 - Контрольний номер
control field 25119
007 - Фіксоване поле фізичного опису
fixed length control field ta
008 - Елементи даних фіксованої довжини – загальна інформація
fixed length control field 20040316b un ||||| |||| 00| 0 ukr d
090 ## - Локальний шифр розміщення
Класифікаційний індекс УДК 347.918
Авторський знак (НП) Ц68
040 ## - Джерело каталогізації
Агенція оригінальної каталогізації UA-OsUOA
Мова каталогізації rus
Агенція, яка здійснювала перезапис UA-OsUOA
Агенція, яка здійснювала модифікацію UA-OsUOA
041 ## - Код мови
Код мови тексту/ звукової доріжки чи окремого заголовка (П) rus
080 ## - Індекс Універсальної десяткової класифікації
Індекс Універсальної десяткової класифікації (УДК) (НП) 347.918
020 ## - Міжнародний стандартний книжковий номер (ISBN)
Міжнародний стандартний книжковий номер (ISBN) (НП) 966-507-037-1
044 ## - Код країни видавця/ виробника
Код країни видавця/ виробника (П) UA
100 ## - Основне введення – ім’я особи
Ім’я особи (НП) Цират Г.А.
245 ## - Відомості про назву
Назва (НП) Международный арбитраж как способ разрешения внешнеекономических споров
260 ## - Публікація, розповсюдження і т.п. (Вихідні дані)
Місце публікації, розповсюдження і т.п. (П) Киев
Ім’я/ наймення видавництва, розповсюджувача і т.п. (П) Довира
Дата публікації, розповсюдження і т.п. (П) 1997
300 ## - Фізичний опис
Обсяг 367 с.
650 #7 - Додаткове предметне введення – тематичний термін
Джерело заголовка чи терміна UDC
700 ## - Додаткове введення – ім'я особи
Ім’я особи (НП) Цират А.В.
942 ## - Додаткові елементи входу (Коха)
Тип елемента Koha Книги
955 ## - Код типу видання за змістом
Код типу видання за змістом (НП) Навчальні видання
Фонди
Стан вилучень Стан втрат Джерело класифікації або схеми стелажів Стан уражень Не для кредиту Постійне місце розташування Поточне розміщення Дата придбання Вартість, звичайна ціна покупки Інвентарний номер Усього замовленно Повний номер виклику Штрих-код Дата останнього перегляду Ціна ефективна від Тип елемента Koha
    Universal Decimal Classification     ЧЗ - Читальна зала ЧЗ - Читальна зала 16/03/2004 56.00 67931   347.918 Ц68 67931 07/02/2022 16/03/2004 Книги
    Universal Decimal Classification     ЧЗ - Читальна зала ЧЗ - Читальна зала 16/03/2004 18.00 67932   347.918 Ц68 67932 06/02/2022 16/03/2004 Книги
    Universal Decimal Classification     ЧЗ - Читальна зала ЧЗ - Читальна зала 16/03/2004 24.70 67933   347.918 Ц68 67933 06/02/2022 16/03/2004 Книги
    Universal Decimal Classification     ЧЗ - Читальна зала ЧЗ - Читальна зала 16/03/2004 24.70 67934   347.918 Ц68 67934 06/02/2022 16/03/2004 Книги
    Universal Decimal Classification     ЧЗ - Читальна зала ЧЗ - Читальна зала 16/03/2004 24.70 67935   347.918 Ц68 67935 06/02/2022 16/03/2004 Книги
    Universal Decimal Classification     ЧЗ - Читальна зала ЧЗ - Читальна зала 16/03/2004 24.70 67936   347.918 Ц68 67936 07/02/2022 16/03/2004 Книги
    Universal Decimal Classification     ЧЗ - Читальна зала ЧЗ - Читальна зала 16/03/2004 24.70 67937   347.918 Ц68 67937 07/02/2022 16/03/2004 Книги
    Universal Decimal Classification     ЧЗ - Читальна зала ЧЗ - Читальна зала 16/03/2004 24.70 67938   347.918 Ц68 67938 07/02/2022 16/03/2004 Книги